000 00232 a2200109 4500
001 51108
040 _cAnchieta - Pituba
240 1 0 _aLiteromania
_l
245 1 0 _aLiteromania
650 4 _aLĂ­nguas espanhola e portuguesa
942 _cMX
999 _c51108
_d51108